书目信息 |
| 题名: |
胡雪岩为人处世的24堂课
|
|
| 作者: | 龙柒 编著 | |
| 分册: | ||
| 出版信息: | 北京 中国画报出版社 2010.05 |
|
| 页数: | 241页 | |
| 开本: | 23cm | |
| 丛书名: | ||
| 单 册: | ||
| 中图分类: | K825.3=52 | |
| 科图分类: | ||
| 主题词: | ||
| 电子资源: | ||
| ISBN: | 978-7-80220-457-7 | |
| 000 | 00932nam0 2200253 450 | |
| 001 | 012010394046 | |
| 005 | 20110102082842.18 | |
| 010 | @a978-7-80220-457-7@dCNY31.80 | |
| 100 | @a20101229d2010 em y0chiy0120 ea | |
| 101 | 0 | @achi |
| 102 | @aCN@b110000 | |
| 105 | @ay z 000yb | |
| 106 | @ar | |
| 200 | 1 | @a胡雪岩为人处世的24堂课@Ahu xue yan wei ren chu shi de 24 tang ke@e胡雪岩的做事绝学@f龙柒编著@Flong qi bian zhu |
| 205 | @a第2版 | |
| 210 | @a北京@c中国画报出版社@d2010.05 | |
| 215 | @a241页@d23cm | |
| 330 | @a本书介绍了胡雪岩为人处世的24课堂,内容包括:遇敏时现——以亏引赚,化危为机;变术存商机——以变应变,巧牵牛鼻;快方能占先——兵贵神速,先发制人等。 | |
| 517 | 1 | @a胡雪岩的做事绝学@Ahu xue yan de zuo shi jue xue |
| 600 | 0 | @a胡雪岩,@Ahu xue yan@f1823-1885@x人生哲学@x研究 |
| 690 | @aK825.3=52@v4 | |
| 701 | 0 | @a龙柒@Along qi@4编著 |
| 801 | 0 | @aCN@bQSSK@c20110102 |
| 905 | @b790766-68@dK825.3=52@eH518@f3 | |
| 胡雪岩为人处世的24堂课:胡雪岩的做事绝学/龙柒编著.-第2版.-北京:中国画报出版社,2010.05 |
| 241页;23cm |
| ISBN 978-7-80220-457-7:CNY31.80 |
| 本书介绍了胡雪岩为人处世的24课堂,内容包括:遇敏时现——以亏引赚,化危为机;变术存商机——以变应变,巧牵牛鼻;快方能占先——兵贵神速,先发制人等。 |
| ● |
| 相关链接 |
|
|
|
正题名:胡雪岩为人处世的24堂课
索取号:K825.3=52/H518
 
预约/预借
| 序号 | 登录号 | 条形码 | 馆藏地/架位号 | 状态 | 备注 |
| 1 | 790766 | 207907666 | 社科库309/309社科库 48排2列5层/ [索取号:K825.3=52/H518] | 在馆 | |
| 2 | 790767 | 207907675 | 社科库309/309社科库 48排2列5层/ [索取号:K825.3=52/H518] | 在馆 | |
| 3 | 790768 | 207907684 | 社科库309/309社科库 48排2列5层/ [索取号:K825.3=52/H518] | 在馆 |